A GUIDEBOOK TO MECHANISM IN ORGANIC CHEMISTRY (Record no. 9286)
[ view plain ]
| 000 -LEADER | |
|---|---|
| fixed length control field | 00926nam a22001697a 4500 |
| 003 - CONTROL NUMBER IDENTIFIER | |
| control field | SGT |
| 020 ## - INTERNATIONAL STANDARD BOOK NUMBER | |
| International Standard Book Number | 9788177584332 |
| 082 ## - DEWEY DECIMAL CLASSIFICATION NUMBER | |
| Classification number | 547, SKY |
| 100 ## - MAIN ENTRY--PERSONAL NAME | |
| Personal name | SYKES, PETER |
| 245 ## - TITLE STATEMENT | |
| Title | A GUIDEBOOK TO MECHANISM IN ORGANIC CHEMISTRY |
| 250 ## - EDITION STATEMENT | |
| Edition statement | 6TH |
| 260 ## - PUBLICATION, DISTRIBUTION, ETC. (IMPRINT) | |
| Place of publication, distribution, etc | NEW DELHI |
| Name of publisher, distributor, etc | PEARSON |
| Year of Publication | 2014 |
| 300 ## - PAGE DESCRIPTION | |
| No. of Pages | 416 |
| 650 ## - SUBJECT ADDED ENTRY--TOPICAL TERM | |
| Topical term or geographic name as entry element | ORGANIC CHEMISTRY |
| 653 ## - KEYWORDS--INDEX TERM | |
| Keyword term | Structure, Reactivity, and Mechanism., Energetics, Kinetics, and the Investigation of Mechanism.,The Strengths of Acids and Bases, Nucleophilic Substitution at a Saturated Carbon Atom, Carbocations, Electron-deficient N and O Atoms and Their Reactions, Electrophilic and Nucleophilic Substitution in Aromatic Systems, Electrophilic and Nucleophilic Addition to C=C, Nucleophilic Addition to C=O, Elimination Reactions, Carbanions and Their Reactions, Radicals and Their Reactions, Symmetry Controlled Reactions, Linear Free Energy Relationships. |
| 942 ## - ADDED ENTRY ELEMENTS (KOHA) | |
| Source of classification or shelving scheme | Dewey Decimal Classification |
| Koha item type | FPS Books |
| 942 ## - ADDED ENTRY ELEMENTS (KOHA) | |
| -- | 2 |
| Withdrawn status | Lost status | Source of classification or shelving scheme | Damaged status | Not for loan | Home library | Current library | Shelving location | Date acquired | Vendor Name | Cost, normal purchase price | SGTU | Bill Number | Total Checkouts | Full call number | Accession No. (Barcode) | Date last seen | Date last borrowed | Bill Date | Koha item type | Collection code |
|---|---|---|---|---|---|---|---|---|---|---|---|---|---|---|---|---|---|---|---|---|
| Dewey Decimal Classification | SGT Science & Social Sciences Library | SGT Science & Social Sciences Library | Text Book | 28/06/2016 | AHUJA BOOKS | 650.00 | SGTU | 6687 | 4 | 547, SKY | PS1514 | 18/03/2023 | 03/03/2023 | 04/03/2016 | FPS Books | |||||
| Dewey Decimal Classification | SGT Science & Social Sciences Library | SGT Science & Social Sciences Library | Text Book | 28/06/2016 | AHUJA BOOKS | 650.00 | SGTU | 6687 | 1 | 547, SKY | PS1515 | 04/04/2019 | 11/03/2019 | 04/03/2016 | FPS Books | |||||
| Dewey Decimal Classification | SGT Science & Social Sciences Library | SGT Science & Social Sciences Library | On Display | 04/07/2016 | KIRTI PRAKASHAN | 650.00 | SGTU | 3307 | 547, SKY | PS1439 | 04/07/2016 | 12/02/2015 | FPS Books | SCIENCE | ||||||
| Dewey Decimal Classification | Not For Loan | SGT Science & Social Sciences Library | SGT Science & Social Sciences Library | Reference Book | 04/07/2016 | KIRTI PRAKASHAN | 650.00 | SGTU | 3307 | 547, SKY | PS1440 | 04/07/2016 | 12/02/2015 | FPS Books | SCIENCE |